1873 1402 1661 1131 1051 1207 1109 1194 1976 1779 1698 1022 1210 1803 1181 1765 1093 1293 1821 1352 1078 1635 1927 1122 1692 1129 1866 1093 1292 1065 1675 1527 1999 1522 1245 1692 1434 1512 1154 1262 1536 1237 1543 1477 1225 1308 1374 1668 1655 1192 1063 1223 1209 1858 1370 1211 1512 1308 1778 1890 1327 1903 1032 1073 1760 1587 1149 1321 1546 1723 1299 1823 1382 1866 1916 1163 1952 1944 1637 1671 1282 1220 1068 1790 1720 1531 1446 1831 1484 1990 1450 1642 1219 1386 1602 1252 1315 1315 1013 BCNSPRNW ULIB Ver.6.0+V

เปลี่ยนเป็นภาษาไทย

Change to English
 แสดงรายละเอียดบรรณานุกรม
  กลับหน้าหลัก

Brief Record : Get Marc (ISO 2709) : E-mail record : QR code < ปิดหน้าต่าง
LEADER : 00000nam 2200000uu 4500
001    13399127077
003     ULIB
008    020711s2562 th a 000 0 tha d
020    ^a9786160444496
060    ^aWS103^bJ-ล
100    ^aJIWON NA
245    ^aล้อกลม ๆ กับโลกกว้าง ๆ ชุดนิทานวิทยาศาสตร์พัฒนาทักษะสมอง EF (เรียนรู้ลักษณะของล้อหลากชนิด
250    ^aพิมพ์ครั้งที่ 1
260    ^aกรุงเทพฯ :^bนานมีบุ๊คส์คิดดี้,^c2562
300    ^a27 หน้า;^b21 ซม.
650    ^aเด็ก^xการเรียนการสอน
945    ^p98^l0^i006265
999    ^aประนอม เกษจรัล
รายการนี้ยังไม่มีแท็ก
คุณยังไม่ได้ล็อกอิน คุณสามารถมีกิจกรรมร่วมกับเว็บไซต์ได้ แต่ต้องล็อกอินก่อน ::
  ล็อกอิน

รายการสื่อสารสนเทศ

ลำดับที่ ประเภท เลขเรียก/บาร์โค้ด สถานที่ สถานะ
1. วิทยาศาสตร์การแพทย์ และสุขภาพ
วิทยาศาสตร์การแพทย์ และสุขภาพ
WS103 J-ล ฉ.1 
  Barcode: 006265
ห้องสมุดวิทยาเขตสวรรค์ประชารักษ์
►หนังสือทั่วไป
บนชั้น

BibComment


ยังไม่เคยถูกคอมเมนท์

คอมเมนท์ทรัพยากรรายการนี้
  คอมเมนท์: ล้อกลม ๆ กับโลกก..


 Copyright 2026. Bcnsprnw @Library